000 00499nam a2200181Ia 4500
001 20666
005 20260306172822.0
008 260306t2019||||xx |||||||||||||| ||spa||
041 _aESP
082 _a343.6
_bJ54
100 _aJiménez Murillo, Roberto
_eAUT
245 0 _aComentarios a la ley y reglamento del sistema nacional de bienes estatales:
_bestudio y análisis
260 _c2019
300 _a552 páginas :
_c25 cm.
650 _aGEN
654 _aCDE
942 _cLIB
_dJUS
_fJUS
_2ddc
_n
999 _c20666
_d20666